• 首页
  • 本馆介绍
  • 公告通知
  • 最新文献
  • 馆藏检索
  • 电子资源
  • 读者导购
  • 参考咨询
  • 我的图书馆
  • 登录
  • 详细信息显示
  • 放入我的书架
  • 预约/预借图书
  • 作者相关作品
  • 分类相关作品
  • 丛书相关作品
  • 出版社相关作品

书目信息

  • 表格格式
  • 工作单格式
  • 卡片格式
题名:
古洞之谜
    
 
作者: 胡正言 著
分册:  
出版信息: 合肥   安徽人民出版社  1982
页数: 174页
开本: 19cm
丛书名:
单 册:
中图分类: I235.17
科图分类:
主题词: 电影文学剧本--中国--现代
电子资源:
ISBN:
000 00599nam0 2200229 45
001 0182009035
005 20060803105240.68
010    @dCNY0.42
091    @aCN@b10102.964
100    @a19950530d1982 em y0chiy0121 ea
101 0  @achi
102    @aCN@b340000
105    @ay z 000by
200 10 @a古洞之谜@Agu dong zhi mi@f胡正言著
210    @a合肥@c安徽人民出版社@d1982
215    @a174页@d19cm
606    @a电影文学剧本@y中国@z现代
690    @aI235.17@v3
701  0 @a胡正言@Ahu zheng yan@4著
801  2 @aCN@bNLC@c20060803
801  0 @aCN@bTSSF@c20060801
905    @a10447@dI235.17@e128
    
    古洞之谜/胡正言著.-合肥:安徽人民出版社,1982
    174页;19cm
    
    
    ISBN :CNY0.42
    
●
相关链接 在E读中查询图书 在五车中查询图书 在当当中查询图书 在豆瓣中查询图书


正题名:古洞之谜     索取号:I235.17/128         预约/预借

序号 登录号 条形码 馆藏地/架位号 状态 备注
1 0427770   204277709   密集书库/ [索取号:I235.17/128] 在馆    
2 0427771   204277718   密集书库/ [索取号:I235.17/128] 在馆    
3 0428610   204286101   密集书库/ [索取号:I235.17/128] 在馆    
4 0429134   204291346   密集书库/ [索取号:I235.17/128] 在馆    
5 0429135   204291355   密集书库/ [索取号:I235.17/128] 在馆    
唐山师范学院图书馆 欢迎您!
大连网信软件有限公司© 版权所有